INSTRUCCION PROGRAMADA Y MAQUINA DE ENSEÑAR /

Bewaard in:
Bibliografische gegevens
Andere auteurs: Lumsdaine, Arthur A. (autor) (autor)
Formaat: Boek
Reeks:(Guidance ; 3)
Onderwerpen:
Tags: Voeg label toe
Geen labels, Wees de eerste die dit record labelt!

MARC

LEADER 00000nam^a2200000^a^4500
001 000233861
005 20250521000000.0
009 20260310104703.753
035 |a 053837 
037 |a Acervo Xavier Clavigero 
082 |a 371. 334  |b INS 
245 1 0 |a INSTRUCCION PROGRAMADA Y MAQUINA DE ENSEÑAR /  |c ARTHUR A. LUMSDAINE ... [ET AL.] ; SELEC. ANIBAL VILLAVERDE ; TR. ENRIQUE MACAYA 
264 |a BUENOS AIRES :  |b HUMANITAS,  |c 1965 
300 |a 231 p. 
336 |a texto  |b txt  |2 rdacontenido 
337 |a sin mediación  |b n  |2 rdamedio 
338 |a volumen  |b nc  |2 rdasoporte 
440 |a (Guidance ;  |v 3) 
649 |a XX 
650 |a MAQUINAS PARA ENSEÑAR. 
650 |a Apoyos Didácticos 
700 |a Lumsdaine, Arthur A.  |e (autor) 
910 |a Fondo General 
920 |a Impresos - Libros 
930 |a Colección General 
905 |a 101 
901 |a 053837  |b IT1  |c ACC  |i 053837  |u 20250521 
902 |a https://opac.biblio.iteso.mx/vufind/Record/000233861